000 00374cam a22001217a 4500
008 180718b1977 xxu||||| |||| 00| 0 eng d
082 _aA81x54 In2/71/20/Pt1A
100 _aCensus of India 1971
245 _aTripura: general report
260 _aDelhi
_bThe Controller of Publications
_c1977
300 _a182+p.
440 _aCensus of India 1971. Series-20, Tripura. Part I-A
999 _c485773
_d485773